000 01280naa a22003617a 4500
001 BR7804568
003 BR-BrBNA
005 20240918174130.0
007 ta
008 230509b bl.||||| |||| 00| 0 por d
040 _aBR-BrBNA
_bpor
_cBiblioteca Nacional de Agricultura
041 _a(Pt)
072 _aP20; T00; D50
_b/G514
090 _aP20 BR7804568
100 1 _aCabral, H.
111 1 _a1. Simposio Nacional de Ecologia
_cCuritiba, PR (Brazil)
_d26 Sep 1978
245 1 _aConservacao do ambiente [Direito administrativo; Direito civil; Direito comercial; Direito do trabalho; Direito penal; Poluicao; Brasil]
260 3 _aCuritiba, PR (Brasil):
_c1978.
500 _aAnais do 1. Simposio Nacional de Ecologia Curitiba, PR (Brasil): 1978. v. 2 p. 41-47 (BR7804568-AM)P20
650 _aRecurso da terra
650 _aPoluicao
650 _aLegislacao
650 _aMeio ambiente
650 _aConservacao
650 _aDireito administrativo
650 _aDireito civil
650 _aDireito comercial
650 _aDireito do trabalho
650 _aDireito penal
773 0 _tAnais do 1. Simposio Nacional de Ecologia
_wP20 BR7804568
_gCuritiba, PR (Brasil), 1978. v. 2 p. 41-47
909 _a202404
_bLucia
_c55
_dLucia Elande
942 _cAM
_2AGRIS
999 _c309110
_d309110